Los Angeles Dodgers Trivia - Statistics

General Stats
  • This quiz has been taken 9,981 times
    4,151 since last reset
  • The average score is 12 of 20
Answer Stats
Hint Answer % Correct
Name of the team before they moved to Los Angeles in 1958 {Brooklyn} Dodgers
95%
Player who broke the Major League color barrier in 1947 Jackie Robinson
95%
Number worn by the above, now retired by all teams 42
88%
The first player in MLB history with 50 home runs and 50 stolen bases in a season Shohei Ohtani
86%
Pitcher who missed the 1975 season after undergoing a type of surgery that now bears his name Tommy John
80%
Winner of three Cy Young awards Clayton Kershaw
72%
Winner of three Cy Young awards Sandy Koufax
69%
Former basketball player who owns a share of the Dodgers Magic Johnson
66%
Mexican pitcher who won the Cy Young in 1981, the only rookie ever to do so Fernando Valenzuela
62%
Player who hit a walk off homer in Game 1 of the 1988 World Series and then limped around the bases Kirk Gibson
62%
Shortstop nicknamed "Pee Wee" Pee Wee Reese
59%
Sportscaster who announced Dodgers games for 67 seasons before retiring in 2016 Vin Scully
54%
Manager of the Dodgers from 1976–1996 Tommy Lasorda
53%
Catcher who wasn't drafted until the 62nd round of the 1988 draft, but went on to become a perennial All-Star Mike Piazza
49%
The Dodgers are named for people who dodge things. What, specifically, did the Dodgers dodge? Trolleys
49%
Pitcher who broke that record with 59 consecutive scoreless innings Orel Hershiser
40%
Japanese pitcher who was Rookie of the Year in 1995 Hideo Nomo
39%
Pitcher who set a record in 1968 with 58 and ⅔ consecutive scoreless innings Don Drysdale
34%
Catcher who won 3 MVP awards in the 1950s, but was tragically paralyzed after a 1958 car accident Roy Campanella
33%
The first South Korean player in Major League history (1994) Chan Ho Park
26%
No matching quizzes found
Score Distribution
Percent of People with Each Score
Percentile by Number Answered
Your Score History
You have not taken this quiz since the last reset